书目信息 |
| 题名: |
现代教育国际创新模式与培育管理制度全集 下
|
|
| 作者: | 黄雨三 主编 | |
| 分册: | ||
| 出版信息: | 银川 宁夏大地音像出版社 2004.03 |
|
| 页数: | 1011-1545页 | |
| 开本: | 27cm | |
| 丛书名: | ||
| 单 册: | ||
| 中图分类: | G521 | |
| 科图分类: | ||
| 主题词: | 教育事业--世界 | |
| 电子资源: | ||
| ISBN: | 7-88619-121-8 | |
| 000 | 00649nam0 2200193 450 | |
| 001 | 0458209690 | |
| 005 | 20040927161009.04 | |
| 010 | @a7-88619-121-8@dCNY266.00@b精装 | |
| 100 | @a20040927d2004 km y0chiy0120 ea | |
| 101 | 0 | @achi |
| 102 | @aCN@b630000 | |
| 200 | 1 | @a现代教育国际创新模式与培育管理制度全集 下@Axian dai jiao yu guo ji chuang xin mo shi yu pei yu guan li zhi du quan ji xia@f黄雨三主编@Fhuang yu san zhu bian |
| 210 | @a银川@c宁夏大地音像出版社@d2004.03 | |
| 215 | @a1011-1545页@d27cm | |
| 606 | 0 | @a教育事业@x世界 |
| 690 | @aG521@v4 | |
| 701 | 0 | @a黄雨三@Ahuang yu san@4主编 |
| 801 | 0 | @aCN@bPFT@c20040927 |
| 905 | @aBZT@dG521@e1-3@f1 | |
| 现代教育国际创新模式与培育管理制度全集 下/黄雨三主编.-银川:宁夏大地音像出版社,2004.03 |
| 1011-1545页;27cm |
| ISBN 7-88619-121-8(精装):CNY266.00 |
| ● |
| 相关链接 |
|
|
|
正题名:现代教育国际创新模式与培育管理制度全集 下
索取号:G521/1-3
 
预约/预借
| 序号 | 登录号 | 条形码 | 馆藏地/架位号 | 状态 | 备注 |
| 1 | 2001061317 | 2001061317 | 样本书库/样008架B面3层2列/ [索取号:G521/1-3] | 在馆 |